[Event "CRO-CupT final"]
[Site "Sibenik"]
[Date "2015.05.21"]
[Round "2.5"]
[White "Tica, Sven"]
[Black "Kolic, Vladimir"]
[Result "1-0"]
[WhiteElo "2277"]
[BlackElo "1569"]
[PlyCount "63"]
[EventDate "2015.05.20"]
[EventType "team-swiss"]
[EventRounds "6"]
[EventCountry "CRO"]
[SourceTitle "CBM 166 Extra"]
[Source "ChessBase"]
[SourceDate "2015.06.18"]
[SourceVersion "1"]
[SourceVersionDate "2015.06.18"]
[SourceQuality "1"]
[WhiteTeam "Rijeka Rijeka"]
[BlackTeam "Djakovo"]
[WhiteTeamCountry "CRO"]
[BlackTeamCountry "CRO"]

1. Nf3 Nc6 2. d4 e6 3. c4 d5 4. Nc3 dxc4 5. e4 Nf6 6. Bxc4 Bb4 7. Qd3 a6 8. 0-0 Bd7 9. a3 Bxc3 10. bxc3 Na5 11. Ba2 Bc6 12. Re1 0-0 13. c4 b5 14. e5 Bxf3 15. exf6 Bh5 16. fxg7 Re8 17. cxb5 axb5 18. Qxb5 Bg6 19. Bd2 c6 20. Qc5 Qe7 21. Qe5 Nb7 22. Bb4 Qd7 23. h4 Rad8 24. Rad1 Nd6 25. h5 Bf5 26. Rd2 Nb5 27. f3 h6 28. Qf6 Qa7 29. Bc5 Qd7 30. Qxh6 Bh7 31. g4 f5 32. Rxe6 1-0